000 00500nam a2200205Ia 4500
005 20240823045618.0
008 240823s9999||||xx |||||||||||||| ||und||
020 _a81-88114-11-1
041 _aENGLISH
082 _A621.3028 P3
100 _aGurusamy G
245 0 _aElectrical Engineering
250 _a2nd
260 _c2003
_bVenkateswara Engineering Publi
500 _aTRANSFERED
650 _aMaterials
_bSoftware Engineering
700 _a Sudha M.
942 _cBK
999 _c215366
_d215366